| 000 | 00485nam a22001937a 4500 | ||
|---|---|---|---|
| 003 | OSt | ||
| 005 | 20180116183047.0 | ||
| 008 | 160721b xxu||||| |||| 00| 0 eng d | ||
| 020 | _a9781259095597 | ||
| 040 | _c0 | ||
| 082 |
_26th _a657.046 HOY 2015 |
||
| 100 | _aHoyle | ||
| 245 |
_aFundamentals of Advanced Accounting _cHoyle |
||
| 250 | _a6th | ||
| 260 |
_aUSA _bMc Graw Hill _c2015 |
||
| 300 |
_a623 p. _bPB |
||
| 440 | _aFundamental of Advanced Accounting | ||
| 942 |
_2ddc _cBK |
||
| 999 |
_c351457 _d351457 |
||